[Event "RUS-ch Rapid 2021"]
[Site "Sochi"]
[Date "2021.10.13"]
[Round "6.8"]
[White "Ivlev, Aleksey"]
[Black "Iljiushenok, Ilia"]
[Result "0-1"]
[WhiteElo "2315"]
[BlackElo "2554"]
[Annotator "TA"]
[PlyCount "78"]
[EventDate "2021.10.12"]
[EventType "swiss"]
[EventCountry "RUS"]
[SourceTitle "playchess.com"]
[Source "ChessBase"]
[SourceQuality "1"]

{[%evp 10,77,0,0,-2,-35,0,-19,-17,-12,-11,-8,-8,-6,-14,-33,-37,-31,-25,-38,8,-70,-60,-194,-190,-228,-230,-274,-268,-245,-242,-285,-297,-274,-242,-268,-268,-242,-231,-226,-223,-268,-281,-273,-220,-593,-582,-835,-820,-820,-798,-914,-832,-831,-820,-777,-643,-635,-625,-954,-839,-925,-868,-29995,-29996,-29996,-29997,-29997,-29998,-29999]} 1. d4 Nf6 2. c4 e6 3. Nf3 d5 4. g3 Bb4+ 5. Nbd2 dxc4 6. Bg2 b5 {E04: Open Catalan: 5 Nf3.} 7. O-O a5 8. a4 c6 {The position is equal.} 9. Qc2 O-O 10. b3 c3 11. Nb1 bxa4 12. Rxa4 {[#]} c5 $146 {[%mdl 2048] White is under pressure.} ({Predecessor:} 12... Bb7 13. Nxc3 c5 14. Rd1 {½-½ (14) Kopylov,M (2413)-Baskin,R (2398) Magdeburg 2019}) 13. dxc5 Bb7 $1 {[%cal Rb7e4] Hoping for ...Be4.} 14. Nxc3 Nbd7 15. Rd1 (15. Ba3 $11) 15... Qe7 $15 16. Ba3 {This move loses the game for White.} ({White should play} 16. Bd2 $15) 16... Qxc5 $1 $19 ({Weaker is} 16... Bxc5 17. Bxc5 Nxc5 18. Rc4 $11) 17. Bb2 Rac8 18. Qd3 Nb6 {[%cal Rb4c3]} 19. Rxb4 axb4 20. Nb1 Be4 21. Qd2 Bxb1 22. Rxb1 Ne4 23. Qe1 Nc3 24. Rc1 Rfd8 25. Nd2 Qb5 26. Bf3 e5 27. Bg4 $2 (27. Ne4 {is tougher.}) 27... f5 {[%mdl 64] [#] Deflection} 28. Bxf5 Nxe2+ {[%mdl 64] Double Attack, Discovered Attack} 29. Kg2 Nxc1 30. Bxc8 Nd3 31. Be6+ Kh8 32. Qe4 Nxb2 33. Nf3 {Strongly threatening Ng5.} Rd1 {[%csl Gd1][%cal Rb5f1]} 34. Kh3 Nd3 35. Qf5 Qe8 36. Ng5 Qh5+ {Black mates.} 37. Kg2 Ne1+ 38. Kf1 Nf3+ {[%mdl 64] [#] Discovered Attack} 39. Kg2 Rg1# {Weighted Error Value: White=0.85/Black=0.14} 0-1

[Event "RUS-ch Rapid 2021"]
[Site "Sochi"]
[Date "2021.10.13"]
[Round "6.10"]
[White "Bocharov, Dmitry"]
[Black "Oganian, Miran"]
[Result "1-0"]
[WhiteElo "2517"]
[BlackElo "2441"]
[Annotator "TA"]
[PlyCount "91"]
[EventDate "2021.10.12"]
[EventType "swiss"]
[EventCountry "RUS"]
[SourceTitle "playchess.com"]
[Source "ChessBase"]
[SourceQuality "1"]

{[%evp 19,91,42,56,29,39,41,42,50,38,47,79,68,83,82,101,101,102,85,74,77,72,73,80,72,93,73,58,67,86,91,84,49,58,42,45,41,46,48,128,122,117,72,64,28,31,32,25,22,73,20,20,20,159,49,181,107,667,643,545,539,29989,29990,29990,29991,29991,833,762,714,29990,29991,29991,29992,29994,29995]} 1. e4 c5 2. Nf3 g6 3. c4 Bg7 4. d4 cxd4 5. Nxd4 Nc6 6. Nc2 Nf6 7. Nc3 O-O 8. Be2 d6 9. O-O Bd7 10. Be3 Qa5 {is currently scoring better than 10...Rc8.} 11. Bd2 {B38: Sicilian: Maroczy Bind with 5...Bg7 and 7...0-0.} Rfc8 {[#]} 12. Rc1 $146 ({Predecessor:} 12. Rb1 Qd8 13. Re1 a6 14. a4 Be6 15. Bf1 Nd7 16. Nd5 Nc5 17. b3 f5 18. exf5 Bxf5 {½-½ (52) Bagirov,V-Gaprindashvili,N Baku 1966}) 12... Qd8 13. b3 {White is slightly better.} a6 14. Kh1 Qb6 15. f3 Be8 16. f4 a5 17. Be3 Qd8 18. Qd2 Nb4 19. Bf3 Nxc2 20. Rxc2 Bc6 21. Rd1 Nd7 22. Qe2 Qe8 23. Nd5 Bxd5 24. Rxd5 Rc7 25. Rcd2 a4 26. g3 axb3 27. axb3 Ra3 28. R5d3 h5 (28... b5 $14) 29. e5 $1 $16 Kh7 30. exd6 (30. Rd1 {keeps more tension.} dxe5 31. f5 Ra8 32. fxg6+ fxg6 33. Rd5) 30... exd6 31. Bf2 Qxe2 32. Rxe2 Nc5 33. Rxd6 Nxb3 (33... Rxb3 $11 34. Kg2 Na4) 34. Bd5 (34. Kg2 $16) 34... Na5 $11 35. c5 h4 (35... Rc3 $11 {keeps the balance.}) 36. Kg2 (36. gxh4 $16 Bc3 37. h5) 36... Bf8 (36... hxg3 $14 37. hxg3 Nc6) 37. Rd8 ({Weaker is} 37. gxh4 Bxd6 38. cxd6 Rd7 $11) (37. Re8 $18 h3+ 38. Kxh3) 37... Be7 {[%mdl 8192] [#]} (37... Bg7 $16) 38. Rxe7 $1 $18 {[%mdl 512]} Rxe7 39. Bd4 $1 {[%csl Gd4][%cal Rd8h8]} g5 {intending ...gxf4.} 40. f5 {[%csl Gd4][%cal Rd8h8]} f6 41. Bxf6 {[%csl Gf6][%cal Rd8h8][%mdl 64] Double Attack} Rg7 {[#]} 42. Bxg7 (42. Bf7 $142 $1 {[%mdl 512]} Kh6 43. Bg6 Ra2+ 44. Kh1 Rh7 45. Rg8 Rxh2+ {[%mdl 64] Remove Defender} 46. Kxh2 hxg3+ 47. Kxg3 Nc6 {[#]} 48. Bg7+ $1 {[%mdl 576] Deflection} Rxg7 49. Rh8+ Rh7 50. Rxh7#) 42... Kxg7 43. Rd6 {aiming for f6+.} hxg3 44. f6+ {White mates.} Kh7 45. f7 Kg7 46. Rd8 {Weighted Error Value: White=0.13/Black=0.62} 1-0

[Event "RUS-ch Rapid 2021"]
[Site "Sochi"]
[Date "2021.10.13"]
[Round "6.11"]
[White "Pridorozhni, Aleksei"]
[Black "Bryakin, Mikhail"]
[Result "1-0"]
[WhiteElo "2564"]
[BlackElo "2498"]
[Annotator "TA"]
[PlyCount "188"]
[EventDate "2021.10.12"]
[EventType "swiss"]
[EventCountry "RUS"]
[SourceTitle "playchess.com"]
[Source "ChessBase"]
[SourceQuality "1"]

{[%evp 10,188,19,-2,1,8,34,-1,4,-12,-16,-70,-31,-90,-76,-145,-137,-129,-32,-260,-134,-121,-129,-219,-220,-323,-272,-419,-406,-399,-295,-305,-232,-264,-210,-208,-204,-282,-196,-196,-203,-263,-242,-343,-325,-397,-260,-418,-282,-418,-426,-387,-361,-523,-524,-453,-454,-695,-668,-802,-784,-892,-907,-767,-492,-472,-392,-340,-312,-286,-277,-349,-190,-393,-389,-371,-204,-266,-122,-127,-121,-122,-116,-116,-97,-118,-122,-125,-100,-107,-106,-96,-101,-106,-99,-104,-45,-45,-45,-121,-70,-70,-45,-45,-45,-45,-45,-45,-45,-45,-45,-45,-45,-45,-38,-38,-38,-45,-38,-45,-30,-38,-38,-38,-30,-38,0,-38,-38,-45,-16,-12,0,-45,-38,-45,0,-45,-45,-45,-30,-45,-45,-45,-38,-45,-45,-45,-45,-45,-38,-45,-30,-45,0,-45,-45,-45,-45,-45,-45,-45,-30,-45,-45,-45,-45,-45,0,-30,-30,-30,-6,-6,-7,-11,-1,-18,-10,-10,0]} 1. e4 c6 2. Nc3 d5 3. Nf3 Bg4 4. h3 Bxf3 5. Qxf3 e6 6. a3 d4 {B11: Caro-Kann: Two Knights Variation.} (6... Nd7 7. d3 Ngf6 8. g3 a5 9. Bg2 Bc5 10. O-O O-O 11. Qe2 dxe4 12. dxe4 e5 13. Kh2 Re8 14. Bd2 a4 15. Rae1 Qc7 16. f4 {1-0 (58) Pridorozhni,A (2599)-Bryakin,M (2440) Sochi 2019}) 7. Nb1 {[#]} Qa5 $146 ({Predecessor:} 7... c5 8. d3 Nc6 9. Nd2 Nge7 10. g3 Ng6 11. Qe2 e5 12. h4 h5 13. Bh3 Bd6 14. Nf3 {1-0 (40) Zhelnin,V (2453)-Beltz,R (2135) Marianske Lazne 2016}) 8. g3 h5 9. h4 Nd7 10. b4 (10. Be2 $11) 10... Qb6 (10... Bxb4 $5 11. Qb3 Bd6 12. Qxb7 {[%mdl 64] Double Attack} Rb8 $15) 11. Bb2 (11. d3 $15) 11... a5 $17 12. c3 (12. b5 $142) 12... Ne5 13. Qd1 {[#]} d3 (13... Bc5 $1 $17 {[%mdl 512]} 14. f4 (14. Ra2 axb4) 14... dxc3 15. Bxc3 Bf2+ 16. Ke2 Bd4 $1 17. fxe5 axb4 18. axb4 Rxa1 19. Bxa1 Qa6+ 20. b5 Qxa1) 14. Bg2 $2 ({Only move:} 14. f4 $1 $15 Bc5 15. bxc5 Nf3+ 16. Qxf3 Qxb2 17. Bxd3) 14... a4 ({Not} 14... axb4 15. cxb4 Nf6 16. O-O $15 (16. Bxe5 Ng4 $17 {[%mdl 64] Double Attack})) (14... Nh6 $19 15. O-O Nhg4) 15. c4 Nxc4 16. Qc1 (16. Bc3 $17) 16... Nxb2 $19 17. Qxb2 (17. Ra2 {was forced.}) 17... Nf6 18. Qa2 (18. Nc3 $142) 18... Ng4 19. Rf1 Bd6 {Strongly threatening ...Nxf2!} 20. Nc3 Qd4 {Hoping for ...Nxf2!} 21. Nd1 O-O-O 22. Rc1 Kb8 23. Rc4 Qa7 24. Qb1 Qa6 25. Rc3 Be5 26. Rc5 (26. Rc1 {was necessary.}) 26... Bd4 27. Rc1 f5 28. Qa2 $2 (28. f3 Nf6 29. Nf2) 28... Rhe8 29. Qc4 (29. f3 {might work better.} Nf6 30. Nf2) 29... Qb6 30. Rb1 Ne5 31. Qa2 (31. Qc1 $142) 31... f4 32. gxf4 Ng6 {[%mdl 64] Double Attack} 33. Ne3 (33. Bh1 $142 Qc7 34. b5 Qxf4 35. Ne3) 33... Nxf4 34. Bf3 Qc7 35. b5 cxb5 36. Rxb5 Qc1+ 37. Nd1 Rc8 {aiming for ...Rc2.} 38. Qb1 Qxb1 ({Wrong is} 38... Qxa3 $2 39. Rxb7+ Ka8 40. e5 $18) 39. Rxb1 Rc5 40. Rb4 Bf6 (40... e5 $142 41. Rg1 g6) 41. Rxa4 $2 (41. e5 Rxe5+ 42. Ne3) 41... Bxh4 42. Rh1 Bf6 (42... g5 $142 43. e5 Rf8) 43. Rb4 e5 (43... Be7 $19 {and Black stays clearly on top.} 44. Nc3 Rec8) 44. Bxh5 $17 Rh8 45. Bf3 Rxh1+ 46. Bxh1 Rc2 47. Rb3 Be7 48. a4 Bc5 49. Bf3 Bd4 50. Rb1 Ra2 51. Ne3 Rxa4 52. Nd5 g5 (52... Nh3 $17 53. Ne3 Ra2) 53. Nxf4 $15 gxf4 {[%mdl 4096] Endgame KRB-KRB} 54. Bg4 {[#]} (54. Rb3 $15) 54... Kc7 (54... Bc5 $1 $17 55. Rb3 Rxe4+ 56. Kf1 Ra4 57. Rxd3 Ra1+ 58. Ke2 e4 59. Rd8+ Kc7 60. Rd7+ Kc6) 55. Bd1 $1 {[%cal Rd1a4]} Ra5 56. Rb3 b5 57. Rxd3 Kb6 58. f3 Kc5 59. Bb3 Ra1+ 60. Ke2 Rg1 61. Bd5 Kb4 62. Rb3+ Ka4 63. Rd3 Rb1 64. Bc6 Ka5 65. Bd5 Kb4 66. Be6 Ra1 67. Bd5 Kc5 68. Rb3 b4 69. Rd3 Kd6 70. Rb3 Kc5 71. Rd3 Ra7 72. Kd1 Ra1+ 73. Kc2 Rf1 74. Be6 Rg1 75. Bf7 Rg7 76. Be6 Kb5 77. Bb3 Rc7+ 78. Kb1 Ra7 79. Kc2 Ra3 80. Be6 Ra1 81. Bb3 Kc5 82. Be6 Ra6 83. Bb3 Rh6 84. Bd5 Rh3 85. Be6 Rg3 86. Bd5 Rg2 87. Be6 Rf2 88. Bd5 Rf1 89. Be6 Kd6 90. Bd5 Ke7 91. Bc4 {Black must now prevent Rxd4!The position is equal.} Ra1 92. Rb3 Bc5 93. Rb1 Ra3 94. Bb3 Bd4 {[%mdl 32768] Black had all chances to win.  Weighted Error Value: White=0.44/Black=0.36. Loss on time!?} 1-0

[Event "RUS-ch Rapid 2021"]
[Site "Sochi"]
[Date "2021.10.13"]
[Round "6.13"]
[White "Rozum, Ivan"]
[Black "Gitelson, Arkady"]
[Result "1-0"]
[WhiteElo "2529"]
[BlackElo "2188"]
[Annotator "TA"]
[PlyCount "99"]
[EventDate "2021.10.12"]
[EventType "swiss"]
[EventCountry "RUS"]
[SourceTitle "playchess.com"]
[Source "ChessBase"]
[SourceQuality "1"]

{[%evp 18,99,23,18,47,54,52,12,31,12,15,-22,18,18,24,21,29,24,19,23,35,0,202,202,239,243,238,233,239,190,309,295,400,421,426,450,435,327,263,315,375,390,366,375,465,463,408,176,437,403,558,553,531,529,544,390,505,478,463,266,994,756,739,729,733,739,727,673,6093,6095,5731,5065,6086,5835,5129,5081,2133,1088,2053,2019,29975,29976,29981,29982]} 1. Nf3 Nf6 2. g3 g6 3. Bg2 Bg7 4. d4 O-O 5. c4 d6 6. O-O c6 7. Nc3 Bf5 8. Re1 Ne4 9. Qb3 {9.Qb3 scores better than 9.Nxe4.} Nxc3 10. bxc3 Qc7 {E62: King's Indian: Fianchetto: 6...c6 and Panno Variation (6...Nc6) without ...a6.} 11. e4 Be6 12. Ng5 {[#]} Bd7 $146 {The position is equal.} ({Predecessor:} 12... Bc8 13. f4 c5 14. d5 Nd7 15. a4 Qa5 16. Bd2 Nb6 17. e5 Bf5 18. e6 f6 {0-1 (55) Anuj,S (2336)-Rahman,Z (2481) Mumbai 2019}) 13. e5 dxe5 14. Ba3 h6 15. Nf3 exd4 16. cxd4 Re8 17. Rab1 Bc8 18. d5 $36 {[%mdl 2048] d6! is the strong threat. White fights for an advantage.} c5 19. Rbd1 {Black must now prevent d6!} Bd7 $2 {[#] White stays focused until the end.} (19... Qb6 $11) 20. Rxe7 $3 $18 {[%mdl 512] aiming for d6.} Qb6 (20... Qd8 21. Rxe8+) 21. Rxe8+ Bxe8 {[#]} 22. Bxc5 $1 {[%mdl 512]} Qa6 {White should prevent ...Ba4.} (22... Qxc5 $2 23. Qxb7 Ba4 24. Rb1 $18 (24. Qxa8 Bxd1 25. Qxb8+ Bf8 $18)) 23. Rb1 b6 (23... Nd7 {was called for.}) 24. Bd4 Ba4 25. Qc3 Bxd4 26. Nxd4 (26. Qxd4 Nd7 $18) 26... Nd7 27. Nc6 Re8 28. h4 h5 29. Re1 Rxe1+ 30. Qxe1 Qxc4 {[#]} 31. Qe7 {[%cal Re7d7]} Qg4 {[#]} 32. Kh2 (32. Be4 $142 $1 Qd1+ 33. Kg2) 32... Nf8 $2 (32... Qf5) 33. Ne5 Qf5 34. f4 {Hoping for Be4!} Kg7 35. Qxa7 b5 36. Qe7 Qf6 37. d6 b4 38. Bd5 (38. Qa7 $142) 38... Qf5 $2 (38... Nd7 39. Qxf6+ (39. Nxd7 Qxe7 40. dxe7 Bxd7 $16) (39. Qxf7+ Qxf7 40. Nxf7 Kf6 $18) 39... Kxf6) 39. Qxf7+ Qxf7 40. Bxf7 {[%mdl 4096] Endgame KBN-KBN} Nd7 41. Bb3 Bb5 42. Kg1 Kf6 43. Nxd7+ Bxd7 {KB-KB} 44. Kf2 Kf5 45. Bd5 Bb5 46. Ke3 Bd7 47. Be4+ Kf6 48. Kd4 Be8 49. Kc5 Bf7 50. Kb6 {Weighted Error Value: White=0.32/Black=0.47} 1-0

[Event "RUS-ch Rapid 2021"]
[Site "Sochi"]
[Date "2021.10.13"]
[Round "6.14"]
[White "Dreev, Aleksey"]
[Black "Lobanov, Sergei"]
[Result "1-0"]
[WhiteElo "2635"]
[BlackElo "2501"]
[Annotator "TA"]
[PlyCount "41"]
[EventDate "2021.10.12"]
[EventType "swiss"]
[EventCountry "RUS"]
[SourceTitle "playchess.com"]
[Source "ChessBase"]
[SourceQuality "1"]

{[%evp 18,41,0,-18,4,10,9,-19,-22,-31,-31,-37,0,0,96,85,483,497,483,464,462,457,29990,29991,29992,947]} 1. d4 Nf6 2. c4 e6 3. Nc3 Bb4 4. Qc2 O-O 5. a3 Bxc3+ 6. Qxc3 b6 7. Bg5 Bb7 8. e3 d6 9. Nf3 Nbd7 10. Nd2 c5 {E32: Nimzo-Indian: Classical (4 Qc2): 4...0-0.} 11. dxc5 bxc5 12. Bd3 h6 {The position is equal.} 13. Bh4 Bxg2 14. Rg1 {[#]} Bb7 $146 ({Predecessor:} 14... Bc6 15. O-O-O Qe7 16. Rg3 Kh8 17. Rdg1 Rg8 18. f4 e5 19. Bf5 Nf8 20. e4 Bd7 21. fxe5 dxe5 {0-1 (32) Charochkina,D (2344)-Faizrakhmanov,R (2441) Moscow 2019}) 15. O-O-O Kh8 {[#]} (15... Rb8 $1 $11) 16. Ne4 $1 $16 {[%mdl 64] Pin} Qe7 {[%mdl 8192]} (16... Bxe4 $16 {is more resistant.} 17. Bxe4 {[%mdl 64] Pin, Discovered Attack} Rg8) 17. Nxf6 $1 $18 gxf6 ({Don't go for} 17... Nxf6 $2 {[#]} 18. Rxg7 $3 {[%mdl 512]} e5 19. Rh7+ $3 {[%mdl 512]} Nxh7 20. Bxe7) 18. Bc2 Rg8 {Now ...Rxg1 and Black clings on.} 19. Qd3 {[%csl Gc2][%cal Rd3h7]} Nf8 (19... Rg6 $18 20. Rxg6 fxg6 21. Qxg6 Qg7 22. Rxd6 Nf8 23. Bxf6 {[%mdl 64] Pin} Nxg6 24. Bxg7+ Kxg7 25. Rxe6 Rg8 26. Rxg6+ Kf7 27. Rxh6 Bf3) 20. Qxd6 {[%mdl 64] Overworked Piece} Qxd6 21. Bxf6+ {Black got outplayed after the opening.  Weighted Error Value: White=0.05/Black=1.36} 1-0

[Event "RUS-ch Rapid 2021"]
[Site "Sochi"]
[Date "2021.10.13"]
[Round "6.15"]
[White "Kobalia, Mikhail"]
[Black "Obgolts, Erik"]
[Result "1-0"]
[WhiteElo "2600"]
[BlackElo "2430"]
[Annotator "TA"]
[PlyCount "85"]
[EventDate "2021.10.12"]
[EventType "swiss"]
[EventCountry "RUS"]
[SourceTitle "playchess.com"]
[Source "ChessBase"]
[SourceQuality "1"]

{[%evp 9,85,1,1,7,22,24,6,-40,-7,-11,-8,-22,-31,-34,-36,-72,-72,-85,-47,-51,-50,-63,-26,-31,-41,-39,-7,-25,0,0,4,0,0,0,0,4,8,2,16,10,10,12,109,97,264,261,261,252,233,243,212,180,163,186,181,210,199,204,182,171,342,298,400,387,500,413,506,443,435,409,419,422,474,458,554,544,802,779]} 1. e4 c6 2. Nf3 d5 3. d3 Bg4 4. h3 Bh5 5. g4 Bg6 6. Qe2 {B10: Caro-Kann: 2 d3 and 2 c4.} e6 7. h4 {h5 is the strong threat.} h5 8. g5 {The position is equal.} Nd7 {[#]} 9. Nc3 $146 ({Predecessor:} 9. Nbd2 Bd6 10. b3 Ne7 11. Bb2 O-O 12. Bh3 a5 13. a4 b5 14. O-O bxa4 15. Rxa4 {1-0 (37) Alekseenko,K (2703)-Najer,E (2654) Moscow 2021}) 9... Bb4 10. Bd2 Ne7 11. Bg2 Qc7 12. Nh2 Bd6 13. Nf1 O-O-O 14. Qe3 Bc5 15. Qg3 dxe4 16. Qxc7+ Kxc7 17. dxe4 e5 18. Ng3 Nf8 {White must now prevent ...Bxf2+!} 19. Rf1 Ne6 20. Nce2 f5 {Hoping for ...f4.} 21. gxf6 gxf6 22. O-O-O Bd6 23. Bh3 Nf4 (23... Nc5 {is interesting.} 24. f3 Bf7 25. Be3 b6 26. b3 Ng6) 24. Nxf4 exf4 25. Ne2 f3 (25... Bxe4 $11 {keeps the balance.} 26. Nxf4 Kb8) 26. Nd4 $16 Kb8 $2 {[#] Black cannot hold the game after this.} (26... Bf7 $16) 27. Ne6 $1 $18 Rde8 28. Bc3 Be5 {[#]} 29. Bxe5+ fxe5 30. Rd7 {And now Nc5 would win.} Bxe4 31. Ng7 Ng6 32. Nxe8 Rxe8 33. Re1 Bd5 34. Rg7 $36 {[%mdl 2048] White has strong initiative.} Nxh4 (34... Nf4 35. Bf1 Ng2 36. Bxg2 fxg2) 35. Bd7 Rh8 {Black hopes to continue with ...e4.} 36. Rxe5 Ng2 37. Ree7 Nf4 38. Bf5 c5 39. Be4 Bxe4 40. Rxe4 Ne2+ {White is clearly winning.} 41. Kb1 Rd8 {[%cal Rd8d1]} 42. c3 c4 43. Ree7 {Weighted Error Value: White=0.09/Black=0.34} 1-0

[Event "RUS-ch Rapid 2021"]
[Site "Sochi"]
[Date "2021.10.13"]
[Round "6.16"]
[White "Faizrakhmanov, Ramil"]
[Black "Kokarev, Dmitry"]
[Result "1/2-1/2"]
[WhiteElo "2483"]
[BlackElo "2579"]
[Annotator "TA"]
[PlyCount "51"]
[EventDate "2021.10.12"]
[EventType "swiss"]
[EventCountry "RUS"]
[SourceTitle "playchess.com"]
[Source "ChessBase"]
[SourceQuality "1"]

{[%evp 18,51,24,33,39,33,31,41,37,37,27,31,32,25,25,21,24,31,22,27,26,28,27,26,20,20,18,-14,-7,-22,-12,-10,0,0,0,0]} 1. d4 Nf6 2. c4 g6 3. Nc3 Bg7 4. e4 d6 5. h3 O-O 6. Be3 c5 7. d5 e6 8. Bd3 exd5 9. exd5 Na6 10. Nf3 Nb4 {E90: King's Indian: Classical: Early deviations and 6 h3.} 11. Be2 Bf5 {[#] Threatens to win with ...Nc2+.} 12. Rc1 Re8 {White is slightly better.} 13. a3 Na6 14. Bd3 Ne4 15. Nxe4 Bxe4 16. Bxe4 Rxe4 17. Qc2 {[#]} Re8 $146 ({Predecessor:} 17... Qa5+ 18. Nd2 Rae8 19. O-O R4e7 20. Rfe1 Nb8 21. Nf3 Nd7 22. Bd2 Qb6 23. b4 Ne5 {0-1 (44) Kowalski,I (2354)-Kislinsky,A (2460) Warsaw 2019}) 18. O-O Qd7 19. Bf4 b5 20. cxb5 Nc7 21. a4 {The position is equal.} a6 22. bxa6 Nxd5 23. Bh2 Rxa6 24. Rfd1 Nb4 25. Qxc5 dxc5 26. Rxd7 {Weighted Error Value: White=0.03/Black=0.01} 1/2-1/2

[Event "RUS-ch Rapid 2021"]
[Site "Sochi"]
[Date "2021.10.13"]
[Round "6.17"]
[White "Afanasiev, Nikita"]
[Black "Nazaretyan, Tigran"]
[Result "1-0"]
[WhiteElo "2560"]
[BlackElo "2316"]
[Annotator "TA"]
[PlyCount "83"]
[EventDate "2021.10.12"]
[EventType "swiss"]
[EventCountry "RUS"]
[SourceTitle "playchess.com"]
[Source "ChessBase"]
[SourceQuality "1"]

{[%evp 16,83,35,41,43,27,48,27,50,15,26,4,11,0,42,35,45,48,60,49,45,58,54,51,64,64,90,29,33,8,0,20,8,0,0,0,0,0,0,-6,0,0,0,0,3,0,0,-8,-8,-8,-9,-27,136,0,0,0,303,312,465,454,435,364,323,279,591,604,839,830,29981,29982]} 1. e4 c5 2. Nf3 Nc6 3. d4 cxd4 4. Nxd4 Nf6 5. Nc3 d6 6. Bg5 e6 7. Qd3 a6 8. O-O-O Bd7 9. f4 h6 {9...Be7 is more advanced technology. B62: Sicilian: Richter-Rauzer: 6...e6: Unusual White 7th moves.} 10. Bh4 g5 11. fxg5 Ng4 $1 {White has an edge.} 12. Nf3 Be7 {[%cal Rh6g5]} 13. Be2 hxg5 14. Bg3 Qb6 {[#]} 15. Kb1 $146 (15. Bxd6 Nf2 $17) ({Predecessor:} 15. h3 Qe3+ 16. Kb1 Qxd3 17. cxd3 Nge5 18. d4 Ng6 19. Na4 g4 20. Ng1 gxh3 21. Nb6 {1-0 (60) Stefansson,H (2523)-Low,Z (2437) Marianske Lazne 2018}) 15... Nf2 16. Bxf2 Qxf2 17. e5 $1 {[%cal Re5d6]} d5 {[#]} 18. Ne4 $1 {[%cal Re4f2][%mdl 64] Double Attack, Pin} Qxg2 {[#]} 19. Rhg1 $1 Qh3 20. Nexg5 Qh6 21. Rdf1 (21. Qb3 $16) 21... Rf8 $11 22. Qh7 Qxh7 23. Nxh7 Rh8 24. Nf6+ Bxf6 25. exf6 O-O-O $1 26. Rg7 Rdf8 27. h4 Rh6 28. Ng5 Be8 29. h5 Ne5 30. b3 Nd7 31. Kb2 Rxf6 32. Rxf6 Nxf6 33. h6 {aiming for h7.} Kd8 $2 (33... Rh8 $11) 34. Bd3 (34. h7 $16 {Black must now prevent Nxf7+!} Ke7 35. Bh5 $1 {[%mdl 512]} Nxh7 36. Nxh7 (36. Rxh7 Kf6 $16)) 34... Ke7 35. Bg6 Kd6 $2 {[%mdl 8192]} (35... Ng4 $11 {and Black is okay.} 36. Bxf7 Bxf7 37. Nxf7 {[#]} Kf6 $1) 36. Bxf7 $18 ({Weaker is} 36. Nxf7+ Bxf7 37. Rxf7 (37. Bxf7 Rh8 $17) 37... Rh8 $16) 36... Rh8 (36... Ke5 $142 37. h7 (37. Bxe6 Rh8 $18) 37... Nxh7) 37. Bxe8 Rxe8 38. h7 Nxh7 39. Rxh7 ({Don't take} 39. Nxh7 b6 $18) 39... b5 $2 (39... Re7 40. Rh5 Rg7) 40. Ra7 Kc5 41. Rxa6 e5 42. Ne6+ {Weighted Error Value: White=0.13/Black=0.58} 1-0

[Event "RUS-ch Rapid 2021"]
[Site "Sochi"]
[Date "2021.10.13"]
[Round "6.18"]
[White "Khanin, Semen"]
[Black "Gochelashvili, David"]
[Result "1-0"]
[WhiteElo "2521"]
[BlackElo "2400"]
[Annotator "TA"]
[PlyCount "75"]
[EventDate "2021.10.12"]
[EventType "swiss"]
[EventCountry "RUS"]
[SourceTitle "playchess.com"]
[Source "ChessBase"]
[SourceQuality "1"]

{[%evp 14,75,9,17,22,21,20,13,14,0,37,35,65,72,61,60,69,68,80,79,92,90,123,74,166,179,165,171,208,206,207,207,207,206,207,210,270,264,295,287,346,339,334,337,331,332,366,339,442,442,442,431,442,437,416,393,420,416,500,471,522,516,554,540]} 1. e4 c5 2. Nf3 g6 3. d4 cxd4 4. Qxd4 Nf6 5. Nc3 Nc6 6. Qa4 d6 7. e5 dxe5 8. Nxe5 Bd7 {B27: Sicilian: 2 Nf3, unusual Black 2nd moves.} 9. Nxd7 Nxd7 10. Be3 Bg7 {The position is equal.} 11. Rd1 a6 (11... Bxc3+ {feels hotter.} 12. bxc3 Qc7 13. Bb5 O-O 14. O-O Rfd8) 12. Be2 Qa5 13. Qxa5 Nxa5 14. Nd5 {Strongly threatening Nc7+.} Rc8 {[#]} 15. Nb6 $146 ({Predecessor:} 15. c3 Nc4 16. Bxc4 Rxc4 17. Ke2 Be5 18. Rd2 e6 19. Nb4 Ke7 20. Rhd1 Rc7 21. Bg5+ {1-0 (36) Kosakowski,J (2404)-Martens,M (2382) Wijk aan Zee 2019}) 15... Rc7 {Black is now going downhill.} 16. c3 e6 17. O-O Ne5 18. Bd4 {And now f4 would win.} O-O (18... Nac6 $16) 19. Bxe5 $18 Bxe5 20. Nd7 {[%mdl 64] [#] Double Attack} Bg7 21. Nxf8 Kxf8 22. Rd8+ Ke7 23. Rfd1 Nc6 24. Ra8 f5 25. Bf3 Ne5 26. Rdd8 Nc4 27. Rac8 Rxc8 28. Rxc8 Nxb2 {[%mdl 4096] Endgame KRB-KBN} 29. Rc7+ ({Resist} 29. Bxb7 Kd6) 29... Kf8 30. Bxb7 Nd1 31. Bxa6 Nxc3 32. Bc4 Bd4 33. Bxe6 Ne4 34. Rc2 Ke7 35. Bg8 h5 36. a4 {White is clearly winning.} Bb6 37. Bh7 Kf7 {[#]} 38. Bxg6+ $1 {[%mdl 64] Double Attack.  Weighted Error Value: White=0.03/Black=0.30} 1-0